00291nam a2200121Ia 4500008004100000100002300041245003600064260002700100300000800127650001000135942000700145999001700152190216s9999||||xx |||||||||||||| ||und|| aAnilchandra Takoor 0aHindi - Anatha Kaham Sukh Pavai bYara Publicationc2008 a104 aHindi cBK c16488d16488